000 00789cam a2200265 4500
999 _c23509
_d23509
001 vtls012129745
005 20221109101044.0
008 220404s2022 xo g 010 f slo
020 _a9788081503504
_q(viazané)
040 _aTTKJF
_bslo
_cTTKJF
_dSNK
_erda
041 0 _aslo
044 _axo
_cSK
072 7 _a821.162.4-3
_xSlovenská próza
_2konspekt
080 _a821.162.4-31
_22011
100 1 _aWeissová-Fekete, Ester
_4aut
_93752
245 1 0 _aMuž
_cEster Weissová-Fekete
264 1 _aBratislava
_bArtforum
_c2022
300 _a197 strán
_c19 cm
336 _atext
_btxt
_2rdacontent
337 _abez média
_bn
_2rdamedia
338 _azväzok
_bnc
_2rdacarrier
655 7 _aslovenské romány
_2SNKPH
_91694
655 7 _aSlovak fiction
_2SNKPHeng
_91695
958 _aLX